Mottos of each states of USA - Statistics

General Stats
  • This quiz has been taken 14 times
  • The average score is 4 of 50
Answer Stats
State Motto % Correct
New Hampshire Live Free or Die
73%
Florida In God We Trust
36%
Nebraska Equality before the law
18%
California Eureka
18%
New York Excelsior
18%
Wisconsin Forward
18%
Texas Friendship
18%
Rhode Island Hope
18%
Delaware Liberty and Independence
18%
Iowa Our liberties we prize and our rights we will maintain
18%
Ohio With God, all things are possible
18%
Kansas As astra per aspera
9%
Maine Dirigo
9%
Wyoming Equal Rights
9%
Utah Industry
9%
Minnesota L'étoile du Nord
9%
New Jersey Liberty and prosperity
9%
Montana Oro y plata
9%
Missouri Salus populi suprema lex esto
9%
Virgina Sic semper tyrannis
9%
Pennsylvania Virtue, liberty, and independence
9%
Tennessee Agriculture and Commerce
0%
Oregon Alis volat propriis
0%
Washington Al-ki or Alki
0%
Nevada All For Our Country
0%
Alabama Audemus jura nostra defendere
0%
New Mexico Crescit eundo
0%
Arizona Ditat Deus
0%
South Carolina Dum spiro spero Animis opibusque parati
0%
Massachusetts Ense petit placidam sub libertate quietem
0%
North Carolina Esse quam videri
0%
Idaho Esto perpetua
0%
Maryland Fatti maschii, parole femine
0%
Vermont Freedom and Unity Stelle quarta decima fulgeat
0%
Oklahoma Labor omnia vincit
0%
North Dakota Liberty and union, now and forever, one and inseparable Serit ut alteri saeclo prosit
0%
West Virginia Montani semper liberi
0%
Colorado Nil sine numine
0%
Alaska Noth to the Future
0%
Connecticut Qui transtulit sustinet
0%
Arkansas Regnat populus
0%
Michigan Si quaeris peninsulam amoenam circumspice
0%
Illinois State, sovereignty, national union
0%
Indiana The Crossroads of America
0%
Hawaii Ua Mau ke Ea o ka ʻĀina i ka Pono
0%
South Dakota Under God the people rule
0%
Louisiana Union, justice, confidence
0%
Kentucky United we stand, divided we fall Deo gratiam habeamus
0%
Mississippi Virtute et armis
0%
Georgia Wisdom, Justice, Moderation
0%
No matching quizzes found
Score Distribution
Percent of People with Each Score
Percentile by Number Answered
Your Score History
You have not taken this quiz